<?xml version="1.0" encoding="UTF-8"?>
<record
    xmlns:xsi="http://www.w3.org/2001/XMLSchema-instance"
    xsi:schemaLocation="http://www.loc.gov/MARC21/slim http://www.loc.gov/standards/marcxml/schema/MARC21slim.xsd"
    xmlns="http://www.loc.gov/MARC21/slim">

  <leader>00359nam a2200121Ia 4500</leader>
  <controlfield tag="008">230411s9999    xx            000 0 und d</controlfield>
  <datafield tag="041" ind1=" " ind2=" ">
    <subfield code="a">eng</subfield>
  </datafield>
  <datafield tag="082" ind1=" " ind2=" ">
    <subfield code="a">OG/610.73678/GAB/NIE/B00639</subfield>
  </datafield>
  <datafield tag="100" ind1=" " ind2=" ">
    <subfield code="a">Joe Leigh Simpson.; Gabbe Steven &amp; Niebyl.</subfield>
    <subfield code="9">176689</subfield>
  </datafield>
  <datafield tag="245" ind1=" " ind2=" ">
    <subfield code="a">Obstetrics: Normal and problem pregnancies</subfield>
  </datafield>
  <datafield tag="260" ind1=" " ind2=" ">
    <subfield code="a">Edinburgh</subfield>
  </datafield>
  <datafield tag="999" ind1=" " ind2=" ">
    <subfield code="c">152100</subfield>
    <subfield code="d">152100</subfield>
  </datafield>
  <datafield tag="952" ind1=" " ind2=" ">
    <subfield code="0">0</subfield>
    <subfield code="1">0</subfield>
    <subfield code="4">0</subfield>
    <subfield code="7">3</subfield>
    <subfield code="8">OG</subfield>
    <subfield code="a">BTIN</subfield>
    <subfield code="b">BTIN</subfield>
    <subfield code="d">2002-06-03</subfield>
    <subfield code="e">A.D.Kansara Pune.</subfield>
    <subfield code="g">1000.00</subfield>
    <subfield code="i">5661</subfield>
    <subfield code="o">OG 610.73678 GAB NIE B00639</subfield>
    <subfield code="p">BTIN-BK-639</subfield>
    <subfield code="r">2023-04-11 00:00:00</subfield>
    <subfield code="v">1000.00</subfield>
    <subfield code="w">2002-06-03</subfield>
    <subfield code="y">BK</subfield>
    <subfield code="z">B00639</subfield>
  </datafield>
</record>
